| 000 | 00551cam a22002171 4500 | ||
|---|---|---|---|
| 001 | sa 68016994 | ||
| 003 | DLC | ||
| 005 | 20260227112659.0 | ||
| 008 | 890713s1965 ii c 000 0 telo | ||
| 010 | _asa 68016994 | ||
| 035 | _a(OCoLC)20006576 | ||
| 040 |
_aDLC _cWaU _dDLC |
||
| 042 | _apremarc | ||
| 050 | 0 | 0 |
_aPL4780.9.N347 _bV5 |
| 100 | 2 |
_aNarayana Reddy, C., _d1931- |
|
| 245 | 1 | 0 | _aViśvanāthanāyaḍu. |
| 260 | _c[1965] | ||
| 300 |
_a86 p. _bport. _c19 cm. |
||
| 500 | _aIn Telugu. | ||
| 600 | 0 | 0 |
_aVisvanatha Nayaka, _d1529-1564 _vPoetry. |
| 999 |
_c87452 _d87452 |
||